Využitie hodnotovej analýzy pri skúmaní efektívnosti inovovaných výrobkov prác a služieb záverečná práca postgraduálneho štúdia

Salvato in:
Dettagli Bibliografici
Autore principale: Bronček, Libor
Ente Autore: Vysoká škola ekonomická v Bratislave
Natura: Libro
Lingua:slovacco
Pubblicazione: Bratislava 1990
Tags: Aggiungi Tag
Nessun Tag, puoi essere il primo ad aggiungerne!!

MARC

LEADER 00000nam a2200000 4500
001 c028450
005 20221215071914.9
041 0 |a slo 
044 |a SK 
245 1 0 |a Využitie hodnotovej analýzy pri skúmaní efektívnosti inovovaných výrobkov prác a služieb  |b záverečná práca postgraduálneho štúdia  |c Libor Bronček 
264 1 |a Bratislava  |c 1990 
300 |a 29 s. 
100 1 |a Bronček, Libor 
710 2 |a Vysoká škola ekonomická v Bratislave